[Event "Ukraine Champ Women 2016"]
[Site "Rivne"]
[Date "2016.12.15"]
[Round "1.5"]
[White "Buksa, Nataliya"]
[Black "Tsirulnik, Maritsa"]
[Result "1-0"]
[BlackElo "2161"]
[WhiteElo "2264"]
[LiveChessVersion "1.4.8"]

1. e4 {[%clk 1:30:58]} c5 {[%clk 1:30:55]} 2. Nf3 {[%clk 1:31:25]} e6
{[%clk 1:31:20]} 3. d4 {[%clk 1:31:52]} cxd4 {[%clk 1:31:44]} 4. Nxd4
{[%clk 1:32:19]} Nc6 {[%clk 1:32:09]} 5. Nc3 {[%clk 1:31:55]} Qc7
{[%clk 1:32:31]} 6. Be2 {[%clk 1:32:15]} a6 {[%clk 1:32:33]} 7. O-O
{[%clk 1:31:30]} Nf6 {[%clk 1:32:34]} 8. Be3 {[%clk 1:31:57]} Be7
{[%clk 1:32:06]} 9. f4 {[%clk 1:28:15]} d6 {[%clk 1:32:30]} 10. Kh1
{[%clk 1:28:41]} O-O {[%clk 1:32:29]} 11. Qe1 {[%clk 1:29:07]} Nxd4
{[%clk 1:31:43]} 12. Bxd4 {[%clk 1:29:35]} b5 {[%clk 1:32:07]} 13. a3
{[%clk 1:30:00]} Bb7 {[%clk 1:32:31]} 14. Qg3 {[%clk 1:30:27]} g6
{[%clk 1:32:19]} 15. Bf3 {[%clk 1:20:43]} Bc6 {[%clk 1:29:16]} 16. Rae1
{[%clk 1:19:18]} a5 {[%clk 1:29:02]} 17. Nd1 {[%clk 1:03:49]} b4 {[%clk 1:13:47]}
18. Ne3 {[%clk 1:03:19]} bxa3 {[%clk 0:56:55]} 19. bxa3 {[%clk 1:03:48]} Rad8
{[%clk 0:45:49]} 20. c4 {[%clk 0:49:51]} Rfe8 {[%clk 0:30:58]} 21. Rb1
{[%clk 0:18:24]} Nxe4 {[%clk 0:25:47]} 22. Bxe4 {[%clk 0:18:27]} Bxe4
{[%clk 0:26:13]} 23. Bb6 {[%clk 0:18:54]} Qc6 {[%clk 0:22:27]} 24. Bxd8
{[%clk 0:19:02]} Rxd8 {[%clk 0:21:20]} 25. Rbd1 {[%clk 0:09:41]} f5
{[%clk 0:19:57]} 26. Rd2 {[%clk 0:06:01]} Rb8 {[%clk 0:18:35]} 27. Rfd1
{[%clk 0:05:06]} a4 {[%clk 0:17:15]} 28. Qf2 {[%clk 0:01:48]} Rb3
{[%clk 0:15:00]} 29. Nc2 {[%clk 0:02:15]} Qxc4 {[%clk 0:13:26]} 30. Qa7
{[%clk 0:02:43]} Rb7 {[%clk 0:03:27]} 31. Qa8+ {[%clk 0:02:26]} Bf8
{[%clk 0:03:17]} 32. Nd4 {[%clk 0:02:23]} Rb2 {[%clk 0:02:16]} 33. Qa5
{[%clk 0:02:37]} Rb8 {[%clk 0:01:49]} 34. Kg1 {[%clk 0:01:48]} Ra8
{[%clk 0:01:00]} 35. Qb6 {[%clk 0:02:08]} e5 {[%clk 0:00:52]} 36. Nb5
{[%clk 0:01:42]} exf4 {[%clk 0:00:44]} 37. Nxd6 {[%clk 0:01:59]} Qa6
{[%clk 0:00:45]} 38. Qf2 {[%clk 0:00:33]} Qa7 {[%clk 0:00:52]} 39. Re1
{[%clk 0:00:44]} Qxf2+ {[%clk 0:00:41]} 40. Kxf2 {[%clk 0:31:13]} Bxd6
{[%clk 0:30:36]} 41. Rxd6 {[%clk 0:31:33]} Ra7 {[%clk 0:24:22]} 42. Red1
{[%clk 0:30:42]} g5 {[%clk 0:22:08]} 43. h4 {[%clk 0:25:12]} gxh4
{[%clk 0:17:16]} 44. Rd8+ {[%clk 0:22:30]} Kf7 {[%clk 0:16:24]} 45. R1d7+
{[%clk 0:22:56]} Rxd7 46. Rxd7+ Ke6 {[%clk 0:14:30]} 47. Rd4 {[%clk 0:22:39]} h5
{[%clk 0:09:10]} 48. Rxa4 {[%clk 0:22:48]} Kd5 {[%clk 0:09:26]} 49. Ra8
{[%clk 0:20:37]} Kc4 {[%clk 0:07:07]} 50. Rh8 {[%clk 0:20:56]} Kb3
{[%clk 0:07:10]} 51. Rxh5 {[%clk 0:21:21]} Kxa3 {[%clk 0:05:23]} 52. Rxh4 Kb3
{[%clk 0:03:52]} 53. Rxf4 {[%clk 0:22:10]} Bd3 {[%clk 0:04:11]} 54. Ke3
{[%clk 0:22:31]} Kc3 {[%clk 0:04:27]} 55. Rd4 {[%clk 0:22:47]} Bb1
{[%clk 0:03:41]} 56. g3 {[%clk 0:22:55]} Bc2 {[%clk 0:03:09]} 57. Rd5
{[%clk 0:23:18]} Kc4 {[%clk 0:03:26]} 58. Re5 {[%clk 0:23:44]} Kd5 59. Ke4+ 1-0

[Event "Ukraine Champ Women 2016"]
[Site "Rivne"]
[Date "2016.12.15"]
[Round "2.2"]
[White "Martynkova, Olena"]
[Black "Buksa, Nataliya"]
[Result "1/2-1/2"]
[BlackElo "2264"]
[WhiteElo "2280"]
[LiveChessVersion "1.4.8"]

1. Nf3 {[%clk 1:30:53]} d5 {[%clk 1:30:45]} 2. d4 {[%clk 1:30:34]} Nf6
{[%clk 1:31:10]} 3. c4 {[%clk 1:30:06]} e6 {[%clk 1:31:37]} 4. g3
{[%clk 1:30:05]} dxc4 {[%clk 1:32:02]} 5. Bg2 {[%clk 1:29:28]} Nc6
{[%clk 1:32:22]} 6. Qa4 {[%clk 1:28:58]} Bb4+ {[%clk 1:32:48]} 7. Bd2
{[%clk 1:28:56]} Nd5 {[%clk 1:33:14]} 8. Bxb4 {[%clk 1:27:14]} Ndxb4
{[%clk 1:33:42]} 9. O-O {[%clk 1:26:38]} Rb8 {[%clk 1:33:45]} 10. Na3
{[%clk 1:25:28]} O-O {[%clk 1:32:41]} 11. Qb5 {[%clk 1:25:09]} b6
{[%clk 1:33:07]} 12. Qxc4 {[%clk 1:24:50]} Ba6 {[%clk 1:33:34]} 13. Nb5
{[%clk 1:24:19]} Qd5 {[%clk 1:33:53]} 14. Qxd5 {[%clk 1:24:15]} Nxd5
{[%clk 1:34:20]} 15. a4 {[%clk 1:23:42]} Na5 {[%clk 1:34:05]} 16. Ne5
{[%clk 1:22:11]} Rbd8 {[%clk 1:34:06]} 17. Nxa7 {[%clk 1:13:51]} Nb4
{[%clk 1:34:33]} 18. Rac1 {[%clk 1:12:33]} Rxd4 {[%clk 1:34:33]} 19. Rxc7
{[%clk 1:08:39]} Bxe2 {[%clk 1:32:32]} 20. Rfc1 {[%clk 1:04:47]} Rfd8
{[%clk 1:21:51]} 21. h4 {[%clk 0:54:37]} f6 {[%clk 0:46:49]} 22. Nec6
{[%clk 0:45:23]} Nbxc6 {[%clk 0:34:39]} 23. Nxc6 {[%clk 0:45:31]} Nxc6
{[%clk 0:35:06]} 24. R1xc6 {[%clk 0:44:10]} R8d6 {[%clk 0:34:48]} 25. Rxd6
{[%clk 0:29:22]} Rxd6 {[%clk 0:35:16]} 26. Rb7 {[%clk 0:29:24]} Bd1
{[%clk 0:34:19]} 27. Ra7 {[%clk 0:25:42]} Bb3 {[%clk 0:24:33]} 28. Ra6
{[%clk 0:23:20]} Kf7 {[%clk 0:24:59]} 29. Kh2 {[%clk 0:20:00]} Ke7
{[%clk 0:21:49]} 30. Ra7+ {[%clk 0:19:35]} Rd7 {[%clk 0:22:15]} 31. Ra6
{[%clk 0:19:30]} Rd6 {[%clk 0:21:46]} 32. Ra7+ {[%clk 0:15:55]} Rd7
{[%clk 0:22:07]} 33. Ra6 {[%clk 0:12:13]} Rd6 {[%clk 0:21:40]} 34. Ra7+
{[%clk 0:11:20]} Rd7 {[%clk 0:16:44]} 35. Ra6 {[%clk 0:11:30]} Rd6
{[%clk 0:17:05]} 36. Ra7+ {[%clk 0:10:35]} 1/2-1/2

[Event "Ukraine Champ Women 2016"]
[Site "Rivne"]
[Date "2016.12.15"]
[Round "2.4"]
[White "Babiy, Olga"]
[Black "Ivanenko, Olga I."]
[Result "1/2-1/2"]
[BlackElo "2261"]
[WhiteElo "2322"]
[LiveChessVersion "1.4.8"]

1. e4 {[%clk 1:30:58]} c5 {[%clk 1:30:56]} 2. Nf3 {[%clk 1:31:24]} a6
{[%clk 1:31:23]} 3. c3 {[%clk 1:31:42]} d6 {[%clk 1:31:43]} 4. d4
{[%clk 1:32:00]} Qc7 {[%clk 1:32:06]} 5. Bd3 {[%clk 1:32:13]} g6 {[%clk 1:32:18]}
6. O-O {[%clk 1:32:31]} Bg7 {[%clk 1:32:44]} 7. h3 {[%clk 1:32:53]} e5
{[%clk 1:32:48]} 8. b4 {[%clk 1:32:12]} cxd4 {[%clk 1:23:58]} 9. cxd4
{[%clk 1:32:33]} exd4 {[%clk 1:23:31]} 10. Bb2 {[%clk 1:32:51]} Nc6
{[%clk 1:22:14]} 11. Qa4 {[%clk 1:24:55]} Nge7 {[%clk 1:12:40]} 12. b5
{[%clk 1:11:05]} Ne5 {[%clk 1:13:04]} 13. Nxe5 {[%clk 1:11:09]} dxe5
{[%clk 1:10:07]} 14. bxa6+ {[%clk 1:07:47]} Bd7 {[%clk 1:09:47]} 15. Qb4
{[%clk 1:07:49]} bxa6 {[%clk 1:07:21]} 16. Ba3 {[%clk 1:07:22]} Bf6
{[%clk 0:46:05]} 17. Rc1 {[%clk 1:02:56]} Qd8 {[%clk 0:36:16]} 18. f4
{[%clk 0:45:52]} Be6 {[%clk 0:16:52]} 19. Nd2 {[%clk 0:34:53]} Rb8
{[%clk 0:09:56]} 20. Qa4+ {[%clk 0:25:19]} Bd7 {[%clk 0:06:52]} 21. Qxa6
{[%clk 0:25:09]} Rb6 {[%clk 0:07:13]} 22. Qa5 {[%clk 0:22:57]} Nc6
{[%clk 0:03:53]} 23. Qd5 {[%clk 0:23:03]} Ne7 {[%clk 0:03:48]} 24. Bxe7
{[%clk 0:18:17]} Bxe7 {[%clk 0:04:15]} 25. Qxe5 {[%clk 0:16:07]} O-O
{[%clk 0:04:42]} 26. Qc7 {[%clk 0:12:53]} Bb4 {[%clk 0:04:18]} 27. Qxd8
{[%clk 0:11:28]} Rxd8 {[%clk 0:04:47]} 28. Nc4 {[%clk 0:11:44]} Rbb8
{[%clk 0:04:42]} 29. f5 {[%clk 0:08:25]} Bb5 {[%clk 0:02:47]} 30. Rab1
{[%clk 0:06:14]} Bc3 {[%clk 0:02:24]} 31. fxg6 {[%clk 0:04:49]} hxg6
{[%clk 0:02:47]} 32. Rf1 {[%clk 0:04:58]} Kg7 {[%clk 0:01:01]} 33. Rb3
{[%clk 0:01:39]} Bxc4 {[%clk 0:00:51]} 34. Bxc4 {[%clk 0:01:55]} f6
{[%clk 0:01:03]} 35. Ra3 {[%clk 0:01:22]} Rd7 {[%clk 0:01:02]} 36. Rf3
{[%clk 0:00:56]} Rb1+ {[%clk 0:00:49]} 37. Kh2 {[%clk 0:00:46]} Bb4
{[%clk 0:00:43]} 38. Rad3 {[%clk 0:00:47]} Bd6+ {[%clk 0:00:51]} 39. g3
{[%clk 0:01:15]} Rc7 {[%clk 0:00:37]} 40. Rb3 {[%clk 0:30:53]} Ra1
{[%clk 0:30:38]} 41. Bd3 {[%clk 0:19:09]} Rxa2+ {[%clk 0:29:41]} 42. Kg1
{[%clk 0:19:37]} Rc1+ {[%clk 0:28:31]} 43. Rf1 {[%clk 0:19:51]} Rxf1+
{[%clk 0:26:20]} 1/2-1/2

[Event "Ukraine Champ Women 2016"]
[Site "Rivne"]
[Date "2016.12.15"]
[Round "4.3"]
[White "Babiy, Olga"]
[Black "Buksa, Nataliya"]
[Result "0-1"]
[BlackElo "2264"]
[WhiteElo "2322"]
[LiveChessVersion "1.4.8"]

1. c4 {[%clk 1:30:57]} e6 {[%clk 1:30:08]} 2. Nc3 {[%clk 1:31:12]} d5
{[%clk 1:30:35]} 3. d4 {[%clk 1:31:14]} a6 {[%clk 1:25:53]} 4. cxd5
{[%clk 1:31:23]} exd5 {[%clk 1:25:06]} 5. Nf3 {[%clk 1:31:25]} Nf6
{[%clk 1:23:37]} 6. Bg5 {[%clk 1:30:42]} Be7 {[%clk 1:23:27]} 7. e3
{[%clk 1:27:13]} O-O {[%clk 1:19:53]} 8. Qc2 {[%clk 1:25:17]} Be6
{[%clk 1:13:27]} 9. Bd3 {[%clk 1:20:24]} h6 {[%clk 1:13:54]} 10. Bxf6
{[%clk 1:12:32]} Bxf6 {[%clk 1:14:22]} 11. O-O-O {[%clk 1:12:32]} Nc6
{[%clk 0:59:58]} 12. Qd2 {[%clk 0:59:03]} a5 {[%clk 0:41:58]} 13. Rdg1
{[%clk 0:54:06]} a4 {[%clk 0:32:17]} 14. g4 {[%clk 0:53:12]} a3 {[%clk 0:32:44]}
15. b3 {[%clk 0:46:54]} Nb4 {[%clk 0:33:11]} 16. h4 {[%clk 0:43:57]} Be7
{[%clk 0:31:28]} 17. Ne5 {[%clk 0:37:45]} c5 {[%clk 0:28:02]} 18. g5
{[%clk 0:33:45]} h5 {[%clk 0:22:28]} 19. g6 {[%clk 0:28:01]} f6 {[%clk 0:22:08]}
20. Nf3 {[%clk 0:16:03]} Nxd3+ {[%clk 0:17:57]} 21. Qxd3 {[%clk 0:16:32]} Rc8
{[%clk 0:18:25]} 22. dxc5 {[%clk 0:14:50]} Bxc5 {[%clk 0:18:54]} 23. Kb1
{[%clk 0:10:17]} Qd7 {[%clk 0:18:46]} 24. Nd4 {[%clk 0:10:22]} Bxd4
{[%clk 0:11:29]} 25. Qxd4 {[%clk 0:10:50]} Rfd8 {[%clk 0:11:23]} 26. Ka1
{[%clk 0:10:04]} Bf5 {[%clk 0:10:46]} 27. Rd1 {[%clk 0:07:31]} Bxg6
{[%clk 0:10:18]} 28. Rhg1 {[%clk 0:07:40]} Qf5 {[%clk 0:10:34]} 29. Rd2
{[%clk 0:02:00]} Kh7 {[%clk 0:05:52]} 30. f4 {[%clk 0:02:28]} Bf7
{[%clk 0:05:49]} 31. Rdg2 {[%clk 0:01:22]} g6 {[%clk 0:06:18]} 32. Nb5
{[%clk 0:01:37]} Rc6 {[%clk 0:01:14]} 33. Nxa3 {[%clk 0:02:05]} Rdc8
{[%clk 0:01:42]} 34. Kb2 {[%clk 0:02:21]} Kh6 {[%clk 0:00:47]} 35. Rd2
{[%clk 0:02:22]} Rc5 {[%clk 0:00:48]} 36. Rgg2 {[%clk 0:02:10]} b6
{[%clk 0:00:35]} 37. Nc2 {[%clk 0:02:16]} Be6 {[%clk 0:00:48]} 38. Ne1
{[%clk 0:01:42]} R5c6 {[%clk 0:00:42]} 39. Nd3 {[%clk 0:01:38]} Bf7
{[%clk 0:00:58]} 40. Nb4 {[%clk 0:31:01]} Rc5 {[%clk 0:31:11]} 41. Nc2
{[%clk 0:25:47]} Be6 {[%clk 0:29:19]} 42. Qb4 {[%clk 0:23:11]} b5
{[%clk 0:28:12]} 43. Qd4 {[%clk 0:22:31]} Kg7 {[%clk 0:27:41]} 44. Nb4
{[%clk 0:18:53]} Qh3 {[%clk 0:24:14]} 45. Qd3 {[%clk 0:14:16]} Bf5
{[%clk 0:23:40]} 46. Qd4 {[%clk 0:13:29]} Be4 {[%clk 0:22:36]} 47. Rh2
{[%clk 0:12:09]} Qg3 {[%clk 0:23:02]} 48. Nd3 {[%clk 0:11:56]} R5c6
{[%clk 0:14:29]} 49. Rhe2 {[%clk 0:11:05]} Qxh4 {[%clk 0:14:26]} 50. Nf2
{[%clk 0:10:40]} Bf3 {[%clk 0:14:16]} 51. Re1 {[%clk 0:11:08]} Qg3
{[%clk 0:12:46]} 52. Rf1 {[%clk 0:03:01]} h4 {[%clk 0:08:27]} 53. Qd3
{[%clk 0:03:29]} b4 {[%clk 0:08:01]} 54. Nh1 {[%clk 0:00:38]} Qh3
{[%clk 0:05:30]} 55. Nf2 {[%clk 0:00:59]} Qg2 {[%clk 0:05:57]} 56. Qb1
{[%clk 0:01:05]} Bh5 {[%clk 0:03:26]} 57. Rg1 {[%clk 0:01:01]} Qf3
{[%clk 0:03:55]} 58. Qd3 {[%clk 0:00:44]} h3 {[%clk 0:04:22]} 59. Nd1
{[%clk 0:00:45]} Rc1 {[%clk 0:04:12]} 60. f5 {[%clk 0:00:39]} g5 {[%clk 0:04:04]}
61. Qd4 {[%clk 0:01:07]} Qxf5 {[%clk 0:02:58]} 62. e4 {[%clk 0:00:33]} dxe4
{[%clk 0:03:04]} 63. Ne3 {[%clk 0:00:41]} Qc5 {[%clk 0:03:19]} 64. Qxc5
{[%clk 0:00:32]} R1xc5 {[%clk 0:03:45]} 65. Rh2 {[%clk 0:00:46]} Bf3
{[%clk 0:03:22]} 66. Rxh3 {[%clk 0:01:01]} Rh8 {[%clk 0:03:48]} 67. Rxh8
{[%clk 0:00:38]} Kxh8 {[%clk 0:04:18]} 68. Nc2 {[%clk 0:01:07]} Rb5
{[%clk 0:03:32]} 69. a4 {[%clk 0:00:51]} bxa3+ {[%clk 0:03:55]} 70. Nxa3
{[%clk 0:01:07]} Rb8 {[%clk 0:03:58]} 71. Kc3 {[%clk 0:01:04]} Kg7
{[%clk 0:04:26]} 72. b4 {[%clk 0:01:02]} Kg6 {[%clk 0:04:53]} 73. Nc4
{[%clk 0:01:09]} g4 {[%clk 0:05:05]} 74. Rb1 {[%clk 0:00:46]} Be2
{[%clk 0:04:35]} 75. Nd6 {[%clk 0:01:09]} f5 {[%clk 0:05:01]} 76. Kd4
{[%clk 0:01:10]} Bd3 {[%clk 0:01:42]} 77. Rc1 {[%clk 0:00:34]} Rxb4+
{[%clk 0:02:03]} 78. Ke5 {[%clk 0:01:02]} e3 {[%clk 0:01:53]} 79. Rc8
{[%clk 0:00:44]} e2 {[%clk 0:02:01]} 80. Rg8+ {[%clk 0:00:41]} Kh7
{[%clk 0:02:24]} 81. Kd4 0-1

[Event "Ukraine Champ Women 2016"]
[Site "Rivne"]
[Date "2016.12.15"]
[Round "4.5"]
[White "Dolzhykova, Kateryna"]
[Black "Ivanenko, Olga I."]
[Result "0-1"]
[BlackElo "2261"]
[WhiteElo "2269"]
[LiveChessVersion "1.4.8"]

1. e4 {[%clk 1:30:58]} c5 {[%clk 1:30:54]} 2. Nf3 {[%clk 1:31:21]} a6
{[%clk 1:31:20]} 3. c3 {[%clk 1:31:41]} d6 {[%clk 1:31:44]} 4. d4
{[%clk 1:31:59]} Qc7 {[%clk 1:32:03]} 5. Bd3 {[%clk 1:31:52]} g6 {[%clk 1:32:26]}
6. O-O {[%clk 1:31:16]} Bg7 {[%clk 1:32:50]} 7. Be3 {[%clk 1:30:18]} Nf6
{[%clk 1:29:40]} 8. h3 {[%clk 1:29:43]} O-O {[%clk 1:27:50]} 9. Qd2
{[%clk 1:27:19]} e5 10. Bh6 Nc6 {[%clk 1:25:00]} 11. d5 {[%clk 1:18:59]} Ne7
{[%clk 1:25:16]} 12. a4 {[%clk 1:11:27]} Ne8 {[%clk 0:47:42]} 13. Na3
{[%clk 1:06:06]} f5 {[%clk 0:47:10]} 14. Rfe1 {[%clk 0:57:24]} Nf6
{[%clk 0:36:36]} 15. exf5 {[%clk 0:54:55]} gxf5 {[%clk 0:27:58]} 16. Qg5
{[%clk 0:43:48]} Ng6 {[%clk 0:25:35]} 17. Bxg7 {[%clk 0:43:31]} Kxg7
{[%clk 0:25:33]} 18. Bxf5 {[%clk 0:41:10]} Bxf5 {[%clk 0:26:00]} 19. Qxf5
{[%clk 0:41:36]} Nxd5 {[%clk 0:26:24]} 20. Qe4 {[%clk 0:36:32]} Nf6
{[%clk 0:24:40]} 21. Ng5 {[%clk 0:34:43]} Rae8 {[%clk 0:22:08]} 22. Qf5
{[%clk 0:32:45]} Qe7 {[%clk 0:22:21]} 23. Ne4 {[%clk 0:24:35]} d5
{[%clk 0:17:16]} 24. Nxf6 {[%clk 0:23:20]} Rxf6 {[%clk 0:17:42]} 25. Qg5
{[%clk 0:22:10]} Kh8 {[%clk 0:15:21]} 26. Re3 {[%clk 0:18:00]} Qf7
{[%clk 0:14:19]} 27. Rf1 {[%clk 0:16:01]} Rf5 {[%clk 0:14:28]} 28. Qh6
{[%clk 0:15:37]} Rf8 {[%clk 0:09:38]} 29. f3 {[%clk 0:14:27]} Rg8
{[%clk 0:06:13]} 30. Kh2 {[%clk 0:12:37]} Nf4 {[%clk 0:04:15]} 31. g4
{[%clk 0:13:06]} Rf6 {[%clk 0:04:27]} 32. Qh4 {[%clk 0:13:34]} d4
{[%clk 0:03:10]} 33. Re4 {[%clk 0:10:14]} Ng6 {[%clk 0:03:14]} 34. Qg3
{[%clk 0:09:04]} Rf8 {[%clk 0:03:40]} 35. h4 {[%clk 0:06:32]} Qd5
{[%clk 0:01:58]} 36. g5 {[%clk 0:02:05]} Rf4 {[%clk 0:01:03]} 37. Rxf4
{[%clk 0:01:47]} Rxf4 {[%clk 0:01:28]} 38. h5 {[%clk 0:01:38]} Nh4
{[%clk 0:00:43]} 39. cxd4 {[%clk 0:01:16]} Nxf3+ {[%clk 0:00:41]} 40. Rxf3
{[%clk 0:30:47]} Rxf3 {[%clk 0:30:42]} 41. Qxe5+ {[%clk 0:27:42]} Qxe5+ 42. dxe5
Rf5 {[%clk 0:24:04]} 43. Nc4 {[%clk 0:26:23]} Rxg5 {[%clk 0:22:35]} 44. Nd6
{[%clk 0:26:19]} Kg8 {[%clk 0:21:01]} 45. e6 {[%clk 0:25:45]} Rxh5+
{[%clk 0:18:56]} 46. Kg3 {[%clk 0:26:07]} Re5 {[%clk 0:19:22]} 47. Nxb7
{[%clk 0:26:14]} Rxe6 {[%clk 0:18:56]} 48. Nxc5 {[%clk 0:26:35]} Rc6
{[%clk 0:16:25]} 49. Nd3 {[%clk 0:16:27]} Rc4 {[%clk 0:16:26]} 50. a5
{[%clk 0:16:05]} Ra4 {[%clk 0:16:51]} 51. Nc5 {[%clk 0:14:17]} Rxa5
{[%clk 0:17:12]} 52. b4 {[%clk 0:14:47]} Ra3+ {[%clk 0:15:02]} 53. Kf4
{[%clk 0:13:53]} Kg7 {[%clk 0:15:05]} 54. Kf5 {[%clk 0:11:47]} Kf7
{[%clk 0:14:49]} 55. Ne4 {[%clk 0:09:44]} Ke7 {[%clk 0:13:02]} 56. Kg5
{[%clk 0:04:30]} Rb3 {[%clk 0:08:31]} 57. Nc5 {[%clk 0:03:53]} Rxb4
{[%clk 0:08:45]} 58. Nxa6 {[%clk 0:04:21]} Rb5+ {[%clk 0:09:11]} 59. Kf4
{[%clk 0:03:48]} Kd6 {[%clk 0:09:31]} 60. Ke5+ Kxe5 0-1

[Event "Ukraine Champ Women 2016"]
[Site "Rivne"]
[Date "2016.12.15"]
[Round "5.2"]
[White "Malakhova, Elizaveta"]
[Black "Dolzhykova, Kateryna"]
[Result "0-1"]
[BlackElo "2269"]
[WhiteElo "2270"]
[LiveChessVersion "1.4.8"]

1. c4 {[%clk 1:30:53]} e5 {[%clk 1:30:28]} 2. Nc3 {[%clk 1:31:08]} Bb4
{[%clk 1:30:35]} 3. Nd5 {[%clk 1:31:24]} Bd6 {[%clk 1:29:26]} 4. d4
{[%clk 1:30:47]} c6 {[%clk 1:29:45]} 5. Nc3 {[%clk 1:29:16]} Qe7 {[%clk 1:18:43]}
6. dxe5 {[%clk 1:19:39]} Bxe5 {[%clk 1:18:46]} 7. Nf3 {[%clk 1:17:05]} Bc7
{[%clk 1:18:22]} 8. Qd4 {[%clk 1:15:00]} Nf6 {[%clk 1:10:36]} 9. Bg5
{[%clk 1:13:44]} d6 {[%clk 1:06:47]} 10. O-O-O {[%clk 1:08:28]} Nbd7
{[%clk 1:04:21]} 11. Qh4 {[%clk 1:03:16]} h6 {[%clk 0:57:29]} 12. Nd4
{[%clk 0:53:53]} Rg8 {[%clk 0:53:59]} 13. Bxf6 {[%clk 0:44:24]} Nxf6
{[%clk 0:53:52]} 14. Qf4 {[%clk 0:44:08]} d5 {[%clk 0:48:12]} 15. Qd2
{[%clk 0:42:03]} dxc4 {[%clk 0:37:07]} 16. e4 {[%clk 0:29:34]} Be6
{[%clk 0:31:48]} 17. e5 {[%clk 0:24:35]} Bxe5 {[%clk 0:28:58]} 18. Nxe6
{[%clk 0:23:41]} Qxe6 {[%clk 0:28:17]} 19. Bxc4 {[%clk 0:21:34]} Qxc4
{[%clk 0:21:55]} 20. Rhe1 {[%clk 0:21:52]} Qe6 {[%clk 0:17:19]} 21. Rxe5
{[%clk 0:18:15]} Qxe5 {[%clk 0:17:42]} 22. Re1 {[%clk 0:18:41]} Qxe1+
{[%clk 0:17:49]} 23. Qxe1+ {[%clk 0:19:09]} Kd7 {[%clk 0:16:47]} 24. Qd2+
{[%clk 0:16:33]} Kc8 {[%clk 0:17:02]} 25. Qf4 {[%clk 0:16:19]} Re8
{[%clk 0:14:02]} 26. Qg3 {[%clk 0:10:31]} g6 {[%clk 0:12:05]} 27. Qd6
{[%clk 0:07:54]} Nd7 {[%clk 0:11:36]} 28. Qd4 {[%clk 0:05:41]} Kc7
{[%clk 0:10:51]} 29. Kc2 {[%clk 0:03:28]} b6 {[%clk 0:10:32]} 30. f4
{[%clk 0:02:36]} h5 {[%clk 0:09:37]} 31. Qc4 {[%clk 0:01:46]} Re6
{[%clk 0:07:48]} 32. b4 {[%clk 0:01:29]} Kb7 {[%clk 0:06:50]} 33. Qd4
{[%clk 0:01:09]} Nf6 {[%clk 0:06:42]} 34. Kb3 {[%clk 0:00:50]} Rc8
{[%clk 0:06:33]} 35. a4 {[%clk 0:00:54]} c5 {[%clk 0:06:31]} 36. bxc5
{[%clk 0:01:07]} Rxc5 {[%clk 0:06:06]} 37. Nb5 {[%clk 0:01:00]} Rd5
{[%clk 0:04:03]} 38. Qc3 {[%clk 0:00:48]} Rc6 {[%clk 0:04:13]} 39. Qe3
{[%clk 0:00:54]} a6 {[%clk 0:03:35]} 40. Nd4 {[%clk 0:30:37]} Rcd6
{[%clk 0:33:36]} 41. Qe7+ {[%clk 0:30:10]} Rd7 {[%clk 0:33:21]} 42. Qxf6
{[%clk 0:29:57]} Rxd4 {[%clk 0:33:44]} 43. Qe5 {[%clk 0:26:34]} a5
{[%clk 0:33:17]} 44. Qe8 {[%clk 0:25:36]} Rb4+ {[%clk 0:32:48]} 45. Kc3
{[%clk 0:23:05]} Rc7+ {[%clk 0:33:12]} 46. Kd3 {[%clk 0:23:06]} Rxf4
{[%clk 0:33:12]} 47. Qb5 {[%clk 0:21:33]} Rf5 {[%clk 0:31:43]} 48. Qe8
{[%clk 0:21:33]} Rfc5 {[%clk 0:30:54]} 49. Qe4+ {[%clk 0:19:15]} Ka7
{[%clk 0:31:09]} 50. Qe8 {[%clk 0:19:15]} R5c6 {[%clk 0:31:13]} 51. Qd8
{[%clk 0:18:57]} Rc3+ {[%clk 0:30:37]} 52. Ke2 {[%clk 0:18:39]} Rc2+
{[%clk 0:30:33]} 53. Kf3 {[%clk 0:16:34]} R7c3+ {[%clk 0:30:06]} 54. Ke4
{[%clk 0:15:56]} f5+ {[%clk 0:26:40]} 55. Ke5 {[%clk 0:14:52]} Rc5+
{[%clk 0:25:12]} 56. Kf6 {[%clk 0:12:59]} f4 {[%clk 0:24:11]} 57. h4
{[%clk 0:12:06]} Rxg2 {[%clk 0:19:51]} 58. Qe7+ {[%clk 0:07:20]} Kb8
{[%clk 0:20:00]} 59. Qe4 {[%clk 0:07:21]} f3 {[%clk 0:18:57]} 60. Kg7
{[%clk 0:05:29]} g5 {[%clk 0:16:21]} 61. Qxf3 {[%clk 0:04:56]} Rg4
{[%clk 0:16:35]} 62. hxg5 {[%clk 0:03:01]} Rgxg5+ {[%clk 0:16:55]} 63. Kh6
{[%clk 0:03:21]} Rgd5 {[%clk 0:16:43]} 64. Qf4+ {[%clk 0:03:05]} Rc7
{[%clk 0:15:28]} 65. Kg6 {[%clk 0:03:06]} Kb7 {[%clk 0:15:08]} 66. Qe4
{[%clk 0:02:02]} Rc6+ {[%clk 0:15:17]} 67. Kf7 {[%clk 0:02:27]} Rdc5
{[%clk 0:14:08]} 68. Qh1 {[%clk 0:01:21]} b5 {[%clk 0:14:16]} 69. axb5
{[%clk 0:01:44]} Rxb5 {[%clk 0:14:40]} 70. Ke7 {[%clk 0:01:56]} a4
{[%clk 0:13:05]} 71. Kd7 {[%clk 0:02:17]} Rbc5 {[%clk 0:12:11]} 72. Qb1+
{[%clk 0:02:35]} Rb6 {[%clk 0:12:12]} 73. Qe4+ {[%clk 0:02:55]} Rcc6
{[%clk 0:10:58]} 74. Qxa4 {[%clk 0:03:10]} Re6 {[%clk 0:11:05]} 75. Qf4
{[%clk 0:01:18]} Rbd6+ {[%clk 0:11:15]} 76. Qxd6 {[%clk 0:01:40]} Rxd6+
{[%clk 0:11:42]} 77. Kxd6 {[%clk 0:02:07]} h4 {[%clk 0:12:05]} 0-1